On consistent nonparametric order determination and chaos.

Stručný úvod do deterministického chaosu. Spojenie medzi chaotickými deterministickými modelmi a stochastickými modelmi časových radov. Odhad dimenzie pomocou odhadu rádu neznámej nelineárnej autoregresie a dôkaz jeho konzistencie. Ilustrácia na príkladoch.

Gespeichert in:
Bibliographische Detailangaben
1. Verfasser: Cheng, Binjie
Weitere Verfasser: Tong, H.
Format: Buchkapitel
Sprache:Englisch
Schlagworte:
Tags: Tag hinzufügen
Keine Tags, Fügen Sie das erste Tag hinzu!

MARC

LEADER 00000naa a2200000 4500
001 r009970
005 20221213085115.7
041 0 |a eng 
044 |a GB 
245 1 0 |a On consistent nonparametric order determination and chaos.  |c B. Cheng, H. Tong 
520 |a Stručný úvod do deterministického chaosu. Spojenie medzi chaotickými deterministickými modelmi a stochastickými modelmi časových radov. Odhad dimenzie pomocou odhadu rádu neznámej nelineárnej autoregresie a dôkaz jeho konzistencie. Ilustrácia na príkladoch. 
610 2 0 |a rady časové 
610 2 0 |a modely 
610 2 0 |a metódy matematicko-štatistické 
100 1 |a Cheng, Binjie 
700 1 |a Tong, H.